00652 2200241 4500001002100000005001700021008004100038020002200079035002500101040001200126082001300138084002300151100002700174245004100201250001100242260003800253300002500291500003100316650000900347850001200356990002100368990002100389INLIS00000000001650020160124115432.0  a978-602-229-308-8 a0010-011600000000591 aYOPDYOG a297.3822 aDEP 297.3822 Ami W aAMINATUZ ZAHROH, 1989- aWudhu menyehatkanc/ Aminatuz Zahroh aCet. 1 aYogyakartabPustaka Pelajarc2014 ax, 124 hlm. ; 21 cm. aBibliografi : hlm. 117-122 aWudu aYOPDYOG aCB-D.11/2014-438 aCB-D.11/2014-438